<?xml version="1.0" encoding="UTF-8"?>
<record
    xmlns:xsi="http://www.w3.org/2001/XMLSchema-instance"
    xsi:schemaLocation="http://www.loc.gov/MARC21/slim http://www.loc.gov/standards/marcxml/schema/MARC21slim.xsd"
    xmlns="http://www.loc.gov/MARC21/slim">

  <leader>00845nam a22002537a 4500</leader>
  <controlfield tag="005">20170123162305.0</controlfield>
  <datafield tag="010" ind1=" " ind2=" ">
    <subfield code="a">B-283974</subfield>
  </datafield>
  <datafield tag="020" ind1=" " ind2=" ">
    <subfield code="c">250.00</subfield>
  </datafield>
  <datafield tag="035" ind1=" " ind2=" ">
    <subfield code="a">B-283974</subfield>
  </datafield>
  <datafield tag="037" ind1=" " ind2=" ">
    <subfield code="b">Cen Lib/Ret</subfield>
  </datafield>
  <datafield tag="040" ind1=" " ind2=" ">
    <subfield code="a">DPL</subfield>
    <subfield code="b">UR</subfield>
  </datafield>
  <datafield tag="082" ind1=" " ind2=" ">
    <subfield code="a">844.08</subfield>
    <subfield code="b">&#x63A; &#x644; &#x627;</subfield>
  </datafield>
  <datafield tag="100" ind1=" " ind2=" ">
    <subfield code="a">&#x63A;&#x644;&#x627;&#x645; &#x645;&#x6BE;&#x645;&#x645;&#x62F;&#x6CC; &#x631;&#x627;&#x632; </subfield>
    <subfield code="9">109692</subfield>
  </datafield>
  <datafield tag="245" ind1=" " ind2=" ">
    <subfield code="a">&#x62C;&#x6AF;&#x631;&#x644;&#x62E;&#x62A; &#x644;&#x62E;&#x62A; :  </subfield>
    <subfield code="c">&#x63A;&#x644;&#x627;&#x645; &#x645;&#x6BE;&#x645;&#x645;&#x62F;&#x6CC; &#x631;&#x627;&#x632; </subfield>
    <subfield code="b">&#x637;&#x628;&#x6CC; &#x648;&#x627;&#x62F; &#x628;&#x6CC; &#x645;&#x636;&#x627;&#x645;&#x6CC;&#x646; /</subfield>
  </datafield>
  <datafield tag="246" ind1=" " ind2=" ">
    <subfield code="a">Jigar lakht lakht : tabi wad bi majameen /</subfield>
    <subfield code="b">by Ghulam Mohammad Raj </subfield>
  </datafield>
  <datafield tag="260" ind1=" " ind2=" ">
    <subfield code="a">&#x62F;&#x6C1;&#x644;&#x6CC; </subfield>
    <subfield code="b">&#x627;&#x631;&#x62F;&#x648; &#x627;&#x6A9;&#x627;&#x62F;&#x645;&#x6CC; </subfield>
    <subfield code="c">2008</subfield>
  </datafield>
  <datafield tag="270" ind1=" " ind2=" ">
    <subfield code="b">&#x62F;&#x6C1;&#x644;&#x6CC; </subfield>
    <subfield code="e">110002</subfield>
  </datafield>
  <datafield tag="300" ind1=" " ind2=" ">
    <subfield code="a">280p. </subfield>
    <subfield code="c">21cm(Hb)</subfield>
  </datafield>
  <datafield tag="650" ind1=" " ind2=" ">
    <subfield code="a"> &#x627;&#x62F;&#x628; - &#x627;&#x631;&#x62F;&#x648;</subfield>
    <subfield code="9">109693</subfield>
  </datafield>
  <datafield tag="650" ind1=" " ind2=" ">
    <subfield code="a"> &#x627;&#x631;&#x62F;&#x648; &#x6A9;&#x6C1;&#x627;&#x646;&#x6CC;&#x627;&#x6BA;</subfield>
    <subfield code="9">818</subfield>
  </datafield>
  <datafield tag="650" ind1=" " ind2=" ">
    <subfield code="a">Literature -- Urdu </subfield>
    <subfield code="9">109694</subfield>
  </datafield>
  <datafield tag="650" ind1=" " ind2=" ">
    <subfield code="a">Urdu stories </subfield>
    <subfield code="9">109695</subfield>
  </datafield>
  <datafield tag="942" ind1=" " ind2=" ">
    <subfield code="2">ddc</subfield>
    <subfield code="c">UR</subfield>
    <subfield code="h">844.08</subfield>
    <subfield code="m">&#x63A; &#x644; &#x627;</subfield>
  </datafield>
  <datafield tag="999" ind1=" " ind2=" ">
    <subfield code="c">106266</subfield>
    <subfield code="d">106266</subfield>
  </datafield>
  <datafield tag="952" ind1=" " ind2=" ">
    <subfield code="0">0</subfield>
    <subfield code="1">0</subfield>
    <subfield code="4">0</subfield>
    <subfield code="7">0</subfield>
    <subfield code="a">L</subfield>
    <subfield code="b">L</subfield>
    <subfield code="d">2015-12-17</subfield>
    <subfield code="e">Cen Lib/Ret</subfield>
    <subfield code="g">250.00</subfield>
    <subfield code="l">0</subfield>
    <subfield code="o">844.08 &#x63A; &#x644; &#x627;</subfield>
    <subfield code="p">B-283974</subfield>
    <subfield code="r">2015-12-17 00:00:00</subfield>
    <subfield code="t">1</subfield>
    <subfield code="v">250.00</subfield>
    <subfield code="w">2015-12-17</subfield>
    <subfield code="y">UR</subfield>
  </datafield>
</record>
